000 00340nam a2200133 i 4500
001 bg
245 0 0 _aPodstawowe problemy współczesnej techniki.
_nT. 25,
_pRobotyka.
260 _aWarszawa :
_bPWN,
_c1987.
650 9 _aAutomaty
_xzagadnienia
040 _cBPK
041 _apol
942 _cKS
008 s pl f |000 0 pol
999 _c23591
_d23591
856 _uhttp://koha.tu.koszalin.pl/cgi-bin/koha/opac-detail.pl?biblionumber=23591
_yKatalog online BPK